Técnicas de almacenamiento en papas

Zapisane w:
Opis bibliograficzny
1. autor: Banse H., Jorge (Autor)
Format: Książka
Język:hiszpański
Wydane: Temuco Instituto de Investigaciones Agropecuarias 1980
Seria:Boletín Técnico, 34
Hasła przedmiotowe:
Etykiety: Dodaj etykietę
Nie ma etykietki, Dołącz pierwszą etykiete!

MARC

LEADER 00000nam a2200000 a 4500
001 UCR5488
003 CL-VaPUC
008 980327e19800000CL |||||||||||||||||spa|d
082 0 4 |a 635.21  |b BAN  |2 21 
100 0 |a Banse H., Jorge  |e author  |9 406450 
245 1 0 |a Técnicas de almacenamiento en papas 
300 |a 21 p 
942 |c BK 
945 |d 19980327 00:00:00  |a rleighto 
260 |a Temuco  |b Instituto de Investigaciones Agropecuarias  |c 1980 
650 0 |a Papas  |9 258738 
650 0 |a Almacenamiento  |9 341876 
650 0 |a Fertilización   |9 259681 
650 0 |a Cosecha  |9 259688 
583 |a last modification  |c 19980327 00:00:00  |k Rodrigo Vera 
490 0 |a Boletín Técnico, 34 
999 |c 268078  |d 268076